000 00322nam a2200145Ia 4500
100 _aTulloch/ Mitch
490 _v1
942 _cBK
654 _amicrosoft
245 _aMicrosoft Exchange Server in a Nutshell
260 _bOreilly & Ass Inc
_c1999
082 _a5.74
_bTUL
300 _a390
546 _aENGLISH
999 _c28026
_d28026